000 00918nam a2200277Ia 4500
001 Para_8044
003 CHAP
008 220125s1930 xx 000 0 und d
010 _a206961
040 _cCHAP
082 _aPA-C 595.75 H4
100 _aTutchill, Leonard D.
_9173375
245 _aFour new species of the deltocephalus group (Homoptera, cicadellidae) /
_c by Leonardo D. Tuthill
300 _a44-8 p.
440 _aHemiptera; 12
_9172048
500 _aSobretiro de : Journal Kansas Entomological Society 3 (2) : 44-8, 1930. Encuadernado con otros impresos similares
650 _aHemípteros
_x colecciones de escritos Cicadelidos
_9172068
710 _aJournal Entomological Society 3 (2)
_9173376
901 _aPA-C 595.75 H4
902 _aA
905 _a0000001930 0000000000 00
910 _a1930
942 _cPARA
942 _cPARA
_d1
999 _c206961
_d206961